000 00379 a2200145 4500
001 63505
040 _cAnchieta - Pituba
100 _aCASTRO, Luciana de Oliveira Sampaio
240 1 0 _aWritten Test - Form B - Tipo 2, I Unidade
_lpor
245 1 0 _aWritten Test - Form B - Tipo 2, I Unidade
300 _a4
362 0 _a2017
650 4 _aInglês e inglês antigo
942 _cBK
999 _c63505
_d63505